000
00280nam a2200121Ia 4500
008
191201s2014 xx 000 0 und d
100
_a
MATHUR, M.L.
245
0
_a
Thermal Engineering
260
_a
N. Delhi
_b
Jain
_c
2014
300
_a
1436
650
_a
B.Tech(ME)
942
_2
ddc
_c
BK
999
_c
6151
_d
6151